| 000 | 00503cam a2200181 a 4500 | ||
|---|---|---|---|
| 020 | _a0072905018 (acidfree paper) | ||
| 020 | _a0071174990 (ISE : acidfree paper) | ||
| 040 | _cDLC | ||
| 082 | 0 | 0 | _a547 HIL 2000 A057 Or. |
| 100 | 1 | _aCarey, Francis A., | |
| 245 | 1 | 0 | _aOrganic chemistry / |
| 250 | _a4th ed. | ||
| 260 |
_aBoston _bMcGraw-Hill, _cc2000. |
||
| 300 |
_a1 v. (various pagings) : _bill. (some col.) ; _c26 cm. |
||
| 500 | _aIncludes index. | ||
| 650 | 0 | _aChemistry, Organic. | |
| 942 | _cEK | ||
| 999 |
_c13980 _d13980 |
||